Statistics for Actors Who Played Multiple Comics Characters

Click here to take the quiz!

General Stats

  • This quiz has been taken 750 times
    (575 since last reset)
  • The average score is 38 of 92

Answer Stats

CharactersAnswer% Correct
Thor - MCU
Agent H - MIB International
Chris Hemsworth
97%
Captain America - MCU
Human Torch - The Fantastic Four
Cpt Jake Jensen - The Losers
Lucas Lee - Scott Pilgrim
Curtis Everett - Snowpiercer
Chris Evans
96%
Black Widow - MCU
Silken Floss - The Spirit
Rebecca Doppelmeyer - Ghost World
The Major - Ghost in the Shell
Scarlett Johansson
96%
Nick Fury - MCU
Octopus - The Spirit
Richmond Valentine - Kingsman
Samuel L. Jackson
95%
Deadpool
Green Lantern
Hannibal King - Blade: Trinity
Nick - R.I.P.D.
Ryan Reynolds
91%
Doctor Strange
Dormammu - Doctor Strange
Benedict Cumberbatch
90%
StarLord - MCU
Barry - Wanted
Chris Pratt
89%
Batman - Batman vs Superman
Daredevil
Ben Affleck
83%
Agent J - Men in Black
Deadshot - Suicide Squad
Will Smith
83%
The Mask
The Riddler - Batman Forever
Colonel Stars and Stripes - Kick-Ass! 2
Jim Carrey
81%
Catwoman
Storm - X-Men
Halle Berry
79%
Thanos - MCU
Cable - Deadpool 2
Jonah Hex
Agent K - Men in Black 3
Dwight McCarthy - Sin City aDtKF
Josh Brolin
77%
Ghost Rider
Big Daddy - Kick-Ass!
Spider-Man Noir - Into the Spider-Verse
Nicholas Cage
77%
Evey Hammond - V for Vendetta
Jane Foster - Thor
Natalie Portman
75%
Bane - The Dark Knight Rises
Venom
Tom Hardy
73%
Captain Marvel - MCU
Envy Adams - Scott Pilgrim
Brie Larson
71%
Heimdall - MCU
Cpt. William Roque - The Losers
Moreau - Ghost Rider: SoV
Idris Elba
70%
Conan the Barbarian
Mr. Freeze - Batman and Robin
Arnold Schwarzenegger
69%
Batman
Vulture - Spiderman: Homecoming
Michael Keaton
69%
Green Goblin - Spider-Man
Nuidis Vulko - Aquaman
Willem Dafoe
67%
Vision - MCU
Jarvis - MCU
Priest
Paul Bettany
66%
Gamora - MCU
Aisha al-Fadhil - The Losers
Zoe Saldana
66%
Hulk - The Incredible Hulk
Desty Nova - Alita: Battle Angel
Ed Norton
65%
The Human Torch - Fantastic Four
Killmonger - Black Panther
Michael B Jordan
65%
Odin - MCU
Edward Bailey - RED 2
Anthony Hopkins
64%
Agent K - Men in Black
Two Face - Batman Forever
Chester Phillips - Captain America TFA
Tommy Lee Jones
62%
Alfred Pennyworth - Batman Begins
Arthur - Kingsman
Michael Caine
61%
Lucius Fox - Batman Begins
Sloan - Wanted
Joe Matheson - RED
Morgan Freeman
60%
Invisible Woman - The Fantastic Four
Nancy Callahan - Sin City
Jessica Alba
59%
Catwoman - Batman Returns
Janet van Dyne - Antman & The Wasp
Michelle Pfeiffer
57%
Professor X - X-Men First Class
Wesley Gibson - Wanted
James McAvoy
55%
Mary Jane Watson - Spider-Man
Erin Randall - The Crow: Salvation
Kirsten Dunst
55%
April O'Neil - TMNT
Tallulah Black / Lilah - Jonah Hex
Megan Fox
55%
The Collector - MCU
"Jackie Boy" Rafferty - Sin City
Benicio del Toro
52%
Magneto - X-Men First Class
Burke - Jonah Hex
Stelios - 300
Michael Fassbender
52%
The Ancient One - Doctor Strange
Minister Mason - Snowpiercer
Tilda Swinton
52%
Happy Hogan - MCU
Foggy Nelson - Daredevil
Jon Favreau
49%
Judge Dredd
Starhawk - Guardians of the Galaxy 2
Sylvester Stallone
48%
Quicksilver - MCU
Kick-Ass!
Aaron Taylor-Johnson
45%
Harlen Maguire - Road to Perdition
Yon-Rogg - Captain Marvel
Jude Law
45%
Valkyrie - Thor: Ragnarok
Agent M - MIB International
Tessa Thompson
45%
Whiplash/Ivan Vanko - Iron Man 2
Marv - Sin City
Mickey Rourke
43%
Electro - Amazing Spider-Man 2
Spawn
Jaimie Foxx
41%
Negan - The Walking Dead
The Comedian - Watchmen
Lt Col Franklin Clay - The Losers
Thomas Wayne - Batman vs Superman
Jeb Turnbull - Jonah Hex
Jeffrey Dean Morgan
40%
Commissioner Gordon - Justice League
J Jonah Jameson - Spider-Man
JK Simmons
40%
John Hartigan - Sin City
Frank/Paul Moses - RED
Tom Greer - Surrogates
Bruce Willis
38%
Thomas Kalmaku - Green Lantern
Korg - Thor: Ragnarok
Taika Waititi
37%
V - V for Vendetta
Red Skull - Captain America tFA
Hugo Weaving
36%
Bolivar Trask - Days of Future Past
Eitri - Avengers: Infinity War
Peter Dinklage
35%
Hellboy
Dieter Reinhardt - Blade II
Ron Perlman
34%
Judge Dredd - Dredd
Black Hat - Priest
Skurge - Thor: Ragnarok
William Cooper - RED
Karl Urban
33%
Lego Batman
Lt. Grass - Jonah Hex
Vernon Fenwick - TMNT
Will Arnett
32%
Superman - Superman Returns
Atom - Arrow
Todd Ingram - Scott Pilgrim
Dylan Dog
Brandon Routh
30%
Silver Surfer - Fantastic Four: RotSS
Perry White - Batman vs Superman
Black Goliath - Antman & The Wasp
Lawrence Fishburne
30%
Sinestro - Green Lantern
Frank D'Amico - Kick-Ass!
Merlin - Kingsman
Dr. Sivana - Captain Marvel
Mark Strong
27%
General Zod - Man of Steel
Dr. Cross Williams - Jonah Hex
Michael Shannon
24%
Mystique - X-Men
Joan - The Punisher
Rebecca Romijn
23%
Richie Cusack - A History of Violence
Thaddeus "Thunderbolt" Ross - MCU
William Hurt
23%
Nick Fury - Nick Fury: Agent of SHIELD
Ego - Guardians of the Galaxy 2 (1 scene)
David Hasselhoff
22%
Sabretooth - X-Men Origins: Wolverine
Kingpin - Into the Spider-Verse
Liev Schreiber
22%
Rhino - Amazing Spider-Man 2
Harvey Pekar - American Splendor
Paul Giamatti
22%
Prof "Broom" Bruttenholm - Hellboy
Adam Sutler - V for Vendetta
Gilliam - Snowpiercer
John Hurt
21%
Kingpin - Daredevil
Manute - Sin City
Kilowog - Green Lantern
Michael Clarke Duncan
21%
Green Arrow - Arrow
Casey Jones - TMNT
Stephen Amell
21%
William Stryker - X2 X-Men United
Ivan Simanov - RED
Brian Cox
20%
Gail - Sin City
Laura Vasquez - Men in Black 2
Claire Temple - MCU TV
Rosario Dawson
19%
Frank Nitti - Road to Perdition
Abraham Erskine - Captain America TFA
Stanley Tucci
18%
Jesse Custer - Preacher
Howard Stark - Captain America: tFA
Dominic Cooper
17%
Betsy Ross - Hulk
Chiren - Alita: Battle Angel
Jennifer Connelly
17%
Martha Kent - Man of Steel
Judge Hershey - Judge Dredd
Diane Lane
15%
General Zod - Superman 2
Jor-El - Smallville
Stick - Elektra
Pekwarsky - Wanted
Terence Stamp
15%
Angel Salvadore - X-Men First Class
Mary Jane Parker - Into the Spider-Verse
Zoë Kravitz
15%
Artemisia - 300 RoaE
Ava Lord - Sin City ADtKF
Eva Green
14%
Marvin Boggs - RED
Quentin Turnbull - Jonah Hex
John Malkovich
14%
Rorshach - Watchmen
The Terror - The Tick
Odin Quincannon - Preacher
Grewishka - Alita: Battle Angel
Jackie Earl Haley
13%
Korath - Guardians of the Galaxy
old Shazam - Shazam!
King Ricou - Aquaman
Midnite - Constantine
T'challa - Black Panther (TV)
Djimon Honsou
12%
Francis "Ajax" - Deadpool
Zapan - Alita: Battle Angel
Ed Skrein
11%
Dr. Manhattan - Watchmen
Henry Allen - Justice League
Billy Crudup
10%
William Stryker - X-Men Origins: Wolverine
General Erich Ludendorff - Wonder Woman
Marlow - 30 Days of Night
Danny Huston
10%
Sand Saref - The Spirit
Roxanne Simpson - Ghost Rider
Eva Mendes
10%
Angel - X-Men: The Last Stand
The Stranger - 30 Days of Night
Spacker Dave - The Punisher
Ben Foster
9%
Dum Dum Dugan - Captain America TFA
Damien Darkh - Arrow
Neal McDonough
8%
Silk Spectre - Watchmen
Lucille - Sin City
Carla Gugino
7%
Samuel Sterns - The Incredible Hulk
Harvey Elder/Allen - Fant4stic Four
Tim Blake Nelson
7%
The Gunsmith - Wanted
Monster T - Suicide Squad
Common
6%
Cpt George Stacy - Spider-Man 3
Dr. Lionel Canter - Surrogates
Yokai - Big Hero 6
James Cromwell
6%
"The Man" - Sin City
Eben Oleson/Olemaun - 30 Days of Night
Josh Hartnett
6%
The Prophet - Surrogates
Charlie-27 - GotG vol. 2
Ving Rhames
6%
Kim Pin - Scott Pilgrim vs the World
teacher - Snowpiercer
Alison Pill
4%
Anatoli Knyazev - Batman v Superman
Jack Rollins - CA the Winter Soldier
Scyllias - 300: Rise of an Empire
Callan Mulvey
4%
Gabriel Singer - RED
Ray Cumberland - Blade: Trinity
Peter Gambi - Black Lightning
Frank Gordon - Gotham
James Remar
4%
Mariko Yashida - The Wolverine
Mercy Graves - Batman vs Superman
Tao Okamoto
4%

Score Distribution

Percentile by Number Answered

Percent of People with Each Score

Your Score History

You have not taken this quiz since the last reset